All Disney Animated Movies - By picture - Statistics

General Stats
  • This quiz has been taken 152 times
  • The average score is 39 of 63
Answer Stats
Picture Answer % Correct
Pinocchio
97%
Snow White and the Seven Dwarfs
97%
Bambi
94%
Dumbo
94%
Cinderella
83%
The Little Mermaid
81%
Aladdin
80%
Beauty and the Beast
80%
Frozen
80%
The Lion King
80%
Frozen II
79%
Peter Pan
78%
The Jungle Book
78%
One Hundred and One Dalmatians
77%
Tarzan
77%
Moana
75%
Winnie the Pooh
75%
Lady and the Tramp
74%
Lilo & Stitch
74%
Mulan
74%
The Many Adventures of Winnie the Pooh
74%
Zootopia
74%
Alice in Wonderland
73%
Encanto
73%
Moana 2
73%
Fantasia
71%
The Princess and the Frog
71%
Pocahontas
70%
The Hunchback of Notre Dame
70%
Wreck-It Ralph
70%
Big Hero 6
69%
Bolt
69%
Chicken Little
69%
Sleeping Beauty
69%
Hercules
68%
Tangled
64%
The Aristocats
64%
The Fox and the Hound
64%
Raya and the Last Dragon
61%
The Sword in the Stone
61%
The Emperor's New Groove
58%
Wish
56%
Dinosaur
54%
Ralph Breaks the Internet
53%
Robin Hood
53%
Atlantis: The Lost Empire
49%
Brother Bear
47%
Meet the Robinsons
47%
The Rescuers
46%
The Great Mouse Detective
45%
Oliver & Company
36%
The Rescuers Down Under
35%
Treasure Planet
35%
Home on the Range
31%
The Black Cauldron
31%
The Three Caballeros
31%
Strange World
26%
Fantasia 2000
25%
The Adventures of Ichabod and Mr. Toad
25%
Melody Time
19%
Saludos Amigos
18%
Make Mine Music
17%
Fun and Fancy Free
16%
No matching quizzes found
Score Distribution
Percent of People with Each Score
Percentile by Number Answered
Your Score History
You have not taken this quiz